Teatro televisivo /

Guardat en:
Dades bibliogràfiques
Altres autors: Bossi, Elda
Format: Llibre
Idioma:italià
Publicat: Torino : ERI, c1971
Matèries:
Etiquetes: Afegir etiqueta
Sense etiquetes, Sigues el primer a etiquetar aquest registre!

MARC

LEADER 00000nam a22000007i 4500
001 IT\ICCU\RAV\0003318
003 ItRI
005 20260115232441.0
008 860310s1971 it |||||| ||||| |||||c
015 |2 IT  |a 717811 
040 |b ita  |c importazione bologna sebina 
041 7 |a ita  |2 ISO-639-2 
082 |a 791.45  |9 TRASMISSIONI TELEVISIVE  |2 17 
245 0 0 |a Teatro televisivo /  |c [testi di] Elda Bossi ... [et al.]. 
260 |a Torino :  |b ERI,  |c c1971 
300 |a 383 p. :  |b ill. ;  |c 21 cm. 
650 7 |a Drammi televisivi  |2 scbi 
700 1 |a Bossi, Elda  |0 IT\ICCU\CFIV\024375 
790 1 |a Maranini Bossi, Elda  |3 IT\ICCU\AUFV\001299  |z Bossi, Elda 
942 |2 ddc  |c BK  |n 0 
952 |0 0  |1 0  |4 0  |6 DOC_852_900000000000000_BOS  |7 0  |9 25988  |a BO  |b BO  |d 2026-01-15  |i 15944  |l 0  |o DOC 852.9 BOS  |p BO15944  |r 2026-01-15 23:24:41  |w 2026-01-15  |x [Sebina 5] [1 v.]  |y BK  |z 1 v. 
999 |c 22016  |d 22016